000 00542nam a2200169 i 4500
001 108230
003 ES-MaACL
005 20230906184615.0
007 t|
008 061121s1968 sp r ||||1| spa d
100 1 _aMoll, Francesc de B. (
_d1903-1991)
_982033
245 1 0 _aGramática catalana
_b: referida especialmente a Les Illes Balears /
_cFrancesc de B. Moll.
260 _aPalma de Mallorca :
_bMiramar,
_c1968.
300 _a256 p. ;
_ccm.
650 4 _aLengua catalana-
_xGramática.
_914105
852 _aES-MaACL
_jE-34871
_bR.66775
999 _c108230
_d108230